[Event "HUN-chT2 Erkel 1819"]
[Site "Hungary"]
[Date "2018.12.02"]
[Round "3.4"]
[White "Kollar, Peter"]
[Black "Mezei, Csaba"]
[Result "1-0"]
[WhiteElo "2027"]
[BlackElo "2081"]
[PlyCount "65"]
[EventDate "2018.10.28"]
[EventType "team-tourn"]
[EventRounds "9"]
[EventCountry "HUN"]
[SourceTitle "EXT 2021"]
[Source "ChessBase"]
[SourceDate "2020.10.23"]
[SourceVersion "1"]
[SourceVersionDate "2020.10.23"]
[SourceQuality "1"]
[WhiteTeam "Vac"]
[BlackTeam "Pestszentlorinc"]
[WhiteTeamCountry "HUN"]
[BlackTeamCountry "HUN"]

1. e4 c6 2. Nf3 d5 3. exd5 cxd5 4. Ne5 e6 5. d4 Nf6 6. Bd3 Nc6 7. c3 Nxe5 8. dxe5 Nd7 9. Bf4 Qc7 10. Qe2 a6 11. Bg3 b5 12. 0-0 Bb7 13. a3 h6 14. Nd2 Be7 15. f4 g6 16. Kh1 Nb6 17. Rac1 Nc4 18. Nf3 Bc5 19. Nd4 Rc8 20. Bf2 Qe7 21. g4 0-0 22. Rce1 Rce8 23. Bg3 Bxd4 24. cxd4 f5 25. Qf2 Kg7 26. Bh4 g5 27. gxf5 exf5 28. fxg5 h5 29. g6 Qd7 30. Bf6+ Rxf6 31. exf6+ Kxf6 32. Qxf5+ Qxf5 33. Rxf5+ 1-0